000 00453nam a2200157 i 4500
001 bg
245 0 _aAdvanced boundary element methods :
_bproceedings of the IUTAM Symposium, San Antonio, Texas, April 13-16 1987.
260 _aBerlin :
_bSpringer- Verlag,
_c1988.
020 _a3540174540
040 _cBPK
041 _apol
080 _a624:539.3/.6:519.63
920 _a3-540-17454-0
942 _cKS
008 s pl f |000 0 pol
999 _c28853
_d28853
856 _uhttp://koha.tu.koszalin.pl/cgi-bin/koha/opac-detail.pl?biblionumber=28853
_yKatalog online BPK